| 000 | 02203cam a2200421 a 4500 | ||
|---|---|---|---|
| 001 | 15150135 | ||
| 003 | OSt | ||
| 005 | 20230605094258.0 | ||
| 008 | 080122s2007 nyu b i000 0 eng d | ||
| 010 | _a 2008365246 | ||
| 020 | _a9789291423477 | ||
| 020 | _a9291423475 | ||
| 035 | _a(OCoLC)ocn183708202 | ||
| 040 |
_aSYL _cSYL _dDLC |
||
| 042 | _alccopycat | ||
| 082 |
_a323 _bUNI |
||
| 110 | 2 | _aUnited Nations. | |
| 245 | 1 | 0 |
_aFrom exclusion to equality : _brealizing the rights of persons with disabilities : handbook for parliamentarians on the Convention of the Rights of persons with disabilities and its optional protocol. |
| 246 | 3 | 0 | _aRealizing the rights of persons with disabilities |
| 246 | 3 | 0 | _aHandbook for parliamentarians on the Convention of the Rights of persons with disabilities and its optional protocol. |
| 260 |
_aNew York : _bUnited Nations ; _aGeneva : _bUN Office of the High Commissioner for Human Rights : _bInter-Parliamentary Union, _c2007. |
||
| 300 |
_aviii, 150 p. ; _c23 cm. |
||
| 440 | 0 |
_aHandbook for parliamentarians ; _vno. 14 |
|
| 500 | _a"HR/PUB/07/6." | ||
| 504 | _aIncludes bibliographical references and appendices. | ||
| 505 | 0 | _aOverview -- The Convention in detail -- Monitoring the Convention and the Optional Protocol -- Becoming a party to the Convention and Optional Protocol -- National legislation and the Convention -- From provisions to practice : implementing the Convention -- Creating national institutions to implement and monitor the Convention. | |
| 530 | _aAvailable also online as a PDF file via the World Wide Web. | ||
| 650 | 0 |
_aPeople with disabilities _xLegal status, laws, etc. |
|
| 650 | 0 |
_aPeople with disabilities _xCivil rights _xInternational cooperation. |
|
| 650 | 0 | _aHuman rights. | |
| 650 | 0 | _aCivil rights. | |
| 710 | 2 |
_aUnited Nations. _bOffice of the High Commissioner for Human Rights. |
|
| 710 | 2 | _aInter-parliamentary Union. | |
| 856 | 4 | 1 | _uhttp://www.ipu.org/PDF/publications/disabilities-e.pdf |
| 906 |
_a7 _bcbc _ccopycat _d2 _encip _f20 _gy-gencatlg |
||
| 942 |
_2ddc _cBK |
||
| 999 |
_c248 _d248 |
||